000 00288nam a2200097Ia 4500
005 20251222141757.0
008 251222s9999||||xx |||||||||||||| ||spa||
082 _a630.1/I59/V.4/T.1
245 0 _a"III Censo Nacional Agropecuario, resultados definitivos: Departamento de Ucayali"
942 _cLIB
999 _c6034
_d6034